Spatial Optimization For Manged Ecosystems : (Record no. 589041)

MARC details
000 -LEADER
fixed length control field 00466nam a2200181 a 4500
008 - FIXED-LENGTH DATA ELEMENTS--GENERAL INFORMATION
fixed length control field 250923s2002##################000#0#eng##
020 ## - INTERNATIONAL STANDARD BOOK NUMBER
ISBN 9788121102766
082 04 - DEWEY DECIMAL CLASSIFICATION NUMBER
Classification number 577.015
Item number HOF
100 1# - MAIN ENTRY--AUTHOR NAME
Personal name Hof, John G.,
245 10 - TITLE STATEMENT
Title Spatial Optimization For Manged Ecosystems :
260 ## - PUBLICATION, DISTRIBUTION, ETC. (IMPRINT)
Year of publication 2002.
300 ## - PHYSICAL DESCRIPTION
Number of Pages 258 pages
942 ## - ADDED ENTRY ELEMENTS (KOHA)
Koha item type English Books
Holdings
Withdrawn status Lost status Damaged status Not for loan Home library Current library Shelving location Date acquired Full call number Accession Number Price effective from Koha item type
        Anna Centenary Library Anna Centenary Library 5TH FLOOR, A WING 23.09.2025 577.015 HOF 173485 23.09.2025 English Books

Find us on the map